• 首页
  • 本馆介绍
  • 公告通知
  • 最新文献
  • 馆藏检索
  • 电子资源
  • 读者导购
  • 参考咨询
  • 我的图书馆
  • 登录
  • 详细信息显示
  • 放入我的书架
  • 预约/预借图书
  • 作者相关作品
  • 分类相关作品
  • 丛书相关作品
  • 出版社相关作品

书目信息

  • 表格格式
  • 工作单格式
  • 卡片格式
题名:
国际市场营销学
    
 
作者: 逯宇铎 , 常士正 主编
分册:  
出版信息: 北京   机械工业出版社  2010
页数: 10,450页
开本: 24cm
丛书名:
单 册:
中图分类: F740.2
科图分类:
主题词: 国际市场--市场营销学--高等学校--教材 , 国际市场 , 市场营销学
电子资源:
ISBN: 978-7-111-13830-3
000 01008nam0 2200301 45
001 1050881156
005 20100415170506.70
010    @a978-7-111-13830-3@dCNY39.80
100    @a20100409d2010 ekmy0chiy0120 ea
101 1  @achi@ceng
102    @aCN@b110000
105    @ay z 000yy
106    @ar
200 1  @a国际市场营销学@AGuo Ji Shi Chang Ying Xiao Xue@dInternational Marketing@f逯宇铎主编@FLu Yu Duo Zhu Bian@zeng
205    @a2版
210    @a北京@c机械工业出版社@d2010
215    @a10,450页@d24cm
300    @a21世纪高等学校经济管理类教材
330    @a本书阐述了国际市场营销战略、如何正确使用各种技巧和方法实现国际市场营销目标,如何开展市场调研预测和评估等。
510 1  @aInternational Marketing@zeng
606 0  @a国际市场@x市场营销学@x高等学校@j教材
606 0  @a国际市场
606 0  @a市场营销学
690    @aF740.2@v4
701  0 @a逯宇铎@ALu Yu Duo@4主编
701  0 @a常士正@AChang Shi Zheng@4主编
801  0 @aCN@bTANGWEI@c20100415
905    @b0591374-78@dF740.2@e117=2@f5
    
    国际市场营销学=International Marketing/逯宇铎主编.-2版.-北京:机械工业出版社,2010
    10,450页;24cm
    21世纪高等学校经济管理类教材
    
    ISBN 978-7-111-13830-3:CNY39.80
    本书阐述了国际市场营销战略、如何正确使用各种技巧和方法实现国际市场营销目标,如何开展市场调研预测和评估等。
●
相关链接 在E读中查询图书 在五车中查询图书 在当当中查询图书 在豆瓣中查询图书


正题名:国际市场营销学     索取号:F740.2/117=2         预约/预借

序号 登录号 条形码 馆藏地/架位号 状态 备注
1 0591374   205913742   第一样本阅览室/ [索取号:F740.2/117=2] 在馆    
2 0591375   205913751   第一借阅区/ [索取号:F740.2/117=2] 在馆    
3 0591376   205913760   第一借阅区/ [索取号:F740.2/117=2] 在馆    
4 0591377   205913779   密集书库-海洋学院/ [索取号:F740.2/117=2] 在馆    
5 0591378   205913788   密集书库-海洋学院/ [索取号:F740.2/117=2] 在馆    
唐山师范学院图书馆 欢迎您!
大连网信软件有限公司© 版权所有